<?xml version="1.0" encoding="UTF-8"?>
<record
    xmlns:xsi="http://www.w3.org/2001/XMLSchema-instance"
    xsi:schemaLocation="http://www.loc.gov/MARC21/slim http://www.loc.gov/standards/marcxml/schema/MARC21slim.xsd"
    xmlns="http://www.loc.gov/MARC21/slim">

  <leader>00930nam0a22002771  4500</leader>
  <controlfield tag="001">rc\115332</controlfield>
  <controlfield tag="005">20250620185438.0</controlfield>
  <datafield tag="010" ind1=" " ind2=" ">
    <subfield code="a">5-253-00771-7</subfield>
    <subfield code="9">50000</subfield>
  </datafield>
  <datafield tag="035" ind1=" " ind2=" ">
    <subfield code="a">(NLR Aleph) 005374407</subfield>
  </datafield>
  <datafield tag="090" ind1=" " ind2=" ">
    <subfield code="a">7034139</subfield>
    <subfield code="c">7034139</subfield>
  </datafield>
  <datafield tag="100" ind1=" " ind2=" ">
    <subfield code="a">20021216d1993    |||y0rusy50      ca</subfield>
  </datafield>
  <datafield tag="101" ind1="0" ind2=" ">
    <subfield code="a">rus</subfield>
  </datafield>
  <datafield tag="102" ind1=" " ind2=" ">
    <subfield code="a">RU</subfield>
  </datafield>
  <datafield tag="105" ind1=" " ind2=" ">
    <subfield code="a">y   |||||||||</subfield>
  </datafield>
  <datafield tag="200" ind1="1" ind2=" ">
    <subfield code="a">&#x41F;&#x43E;&#x44E;&#x449;&#x438;&#x435; &#x43F;&#x435;&#x441;&#x43A;&#x438;</subfield>
    <subfield code="a">&#x414;&#x435;&#x43B;&#x43E; &#x43E; &#x43F;&#x43E;&#x445;&#x438;&#x449;&#x435;&#x43D;&#x438;&#x438; &#x411;&#x435;&#x442;&#x442;&#x438; &#x41A;&#x435;&#x439;&#x43D;</subfield>
    <subfield code="a">&#x414;&#x438;&#x442;&#x44F; &#x432;&#x440;&#x435;&#x43C;&#x435;&#x43D;&#x438;</subfield>
    <subfield code="e">[&#x420;&#x43E;&#x43C;&#x430;&#x43D;&#x44B;</subfield>
    <subfield code="e">&#x41F;&#x435;&#x440;. &#x441; &#x430;&#x43D;&#x433;&#x43B;.]</subfield>
    <subfield code="f">&#x414;&#x436;&#x43E;&#x437;&#x435;&#x444;&#x438;&#x43D; &#x422;&#x44D;&#x439;</subfield>
  </datafield>
  <datafield tag="210" ind1=" " ind2=" ">
    <subfield code="a">&#x41C;.</subfield>
    <subfield code="c">&#x41F;&#x440;&#x435;&#x441;&#x441;&#x430;</subfield>
    <subfield code="d">1993</subfield>
  </datafield>
  <datafield tag="215" ind1=" " ind2=" ">
    <subfield code="a">523, [2] &#x441;.</subfield>
  </datafield>
  <datafield tag="225" ind1="1" ind2=" ">
    <subfield code="a">Hot gun - &#x434;&#x44B;&#x43C;&#x44F;&#x449;&#x438;&#x439;&#x441;&#x44F; &#x43F;&#x438;&#x441;&#x442;&#x43E;&#x43B;&#x435;&#x442;</subfield>
  </datafield>
  <datafield tag="300" ind1=" " ind2=" ">
    <subfield code="a">&#x41D;&#x430; &#x43F;&#x435;&#x440;. &#x442;&#x43E;&#x43B;&#x44C;&#x43A;&#x43E; &#x437;&#x430;&#x433;&#x43B;. &#x441;&#x435;&#x440;.</subfield>
  </datafield>
  <datafield tag="700" ind1=" " ind2="1">
    <subfield code="7">ca</subfield>
    <subfield code="8">rus</subfield>
    <subfield code="a">&#x422;&#x435;&#x439;&#x433;&#x435;</subfield>
    <subfield code="b">&#x422;.</subfield>
    <subfield code="f">1960-</subfield>
    <subfield code="g">&#x422;&#x440;&#x44E;&#x434;&#x435;</subfield>
    <subfield code="9">177085</subfield>
    <subfield code="3">RU\NLR\AUTH\770177136</subfield>
  </datafield>
  <datafield tag="801" ind1=" " ind2="0">
    <subfield code="a">RU</subfield>
    <subfield code="b">NLR</subfield>
    <subfield code="g">psbo</subfield>
  </datafield>
  <datafield tag="801" ind1=" " ind2="1">
    <subfield code="a">RU</subfield>
    <subfield code="b">ELAR</subfield>
    <subfield code="2">rusmarc</subfield>
  </datafield>
  <datafield tag="852" ind1=" " ind2=" ">
    <subfield code="a">NLR</subfield>
    <subfield code="j">94-3/3731</subfield>
  </datafield>
  <datafield tag="942" ind1=" " ind2=" ">
    <subfield code="c">BOOK</subfield>
  </datafield>
  <datafield tag="980" ind1=" " ind2=" ">
    <subfield code="a">NB</subfield>
  </datafield>
  <datafield tag="995" ind1=" " ind2=" ">
    <subfield code="5">2013-10-26</subfield>
    <subfield code="b">NLR01</subfield>
    <subfield code="c">NLR01</subfield>
    <subfield code="e">RF8</subfield>
    <subfield code="f">1-1936853</subfield>
    <subfield code="k">94-3/3731</subfield>
    <subfield code="o">0</subfield>
    <subfield code="r">BOOK</subfield>
    <subfield code="s">9433731_</subfield>
  </datafield>
</record>
